书目信息 |
| 题名: |
心灵鸡汤
|
|
| 作者: | 布莱斯特里特 著 ;刘婷婷 , 张弘 编译 | |
| 分册: | 动人心弦的爱情故事 | |
| 出版信息: | 呼和浩特 远方出版社 2004 |
|
| 页数: | 10,303页 | |
| 开本: | 20cm | |
| 丛书名: | 励志文库 | |
| 单 册: | ||
| 中图分类: | I712.6 | |
| 科图分类: | ||
| 主题词: | 散文--作品集--美国--现代 | |
| 电子资源: | ||
| ISBN: | 7-80595-905-6 | |
| 000 | 01103oam2 2200301 45 | |
| 001 | 020000019696 | |
| 005 | 20051017153731.21 | |
| 010 | @a7-80595-905-6@dCNY400.00(全十六册) | |
| 092 | @aCN | |
| 100 | @a20040923d2004 ekmy0chiy0120 ea | |
| 101 | 1 | @achi@ceng |
| 102 | @aCN@b150000 | |
| 105 | @ay z 000yy | |
| 200 | 1 | @a心灵鸡汤@9xin ling ji tang@i动人心弦的爱情故事@f(美)安·布莱斯特里特等著@F(mei)an·bu lai si te li te deng zhu@g刘婷婷,张弘编译 |
| 210 | @a呼和浩特@c远方出版社@d2004 | |
| 215 | @a10,303页@d20cm | |
| 225 | 2 | @a励志文库 |
| 300 | @a75个扣人心扉的情感故事 | |
| 330 | @a本书内含75个叩人心扉的情感故事。书中分为“动人心弦的爱情故事”、“伟大的情书”、“关于爱情的温馨回忆”以及“发际上的一枝花”四个专题。 | |
| 461 | 0 | @12001 @a励志文库 |
| 517 | 1 | @a动人心弦的爱情故事@9dong ren xin xian de ai qing gu shi |
| 606 | 0 | @a散文@x作品集@y美国@z现代 |
| 690 | @aI712.6@v4 | |
| 701 | 0 | @a布莱斯特里特@Abu lai si te li te@4著 |
| 702 | 0 | @a刘婷婷@9liu ting ting@4编译 |
| 702 | 0 | @a张弘@9zhang hong@4编译 |
| 801 | 0 | @aCN@bTSSF@c20051017 |
| 905 | @a10447@dI712.6@e401:1 | |
| 心灵鸡汤.动人心弦的爱情故事/(美)安·布莱斯特里特等著/刘婷婷,张弘编译 .-呼和浩特:远方出版社,2004 |
| 10,303页;20cm.-(励志文库 ) |
| 75个扣人心扉的情感故事 |
| ISBN 7-80595-905-6:CNY400.00(全十六册) |
| 本书内含75个叩人心扉的情感故事。书中分为“动人心弦的爱情故事”、“伟大的情书”、“关于爱情的温馨回忆”以及“发际上的一枝花”四个专题。 |
| ● |
| 相关链接 |
|
|
|
|
正题名:心灵鸡汤
索取号:I712.6/401:1
 
预约/预借
| 序号 | 登录号 | 条形码 | 馆藏地/架位号 | 状态 | 备注 |
| 1 | 0366566 | 3665661 | 第一样本阅览室/ [索取号:I712.6/401:1] | 在馆 | |
| 2 | 0366567 | 3665670 | 第二借阅区/ [索取号:I712.6/401:1] | 在馆 | |
| 3 | 0366568 | 3665689 | 第二借阅区/ [索取号:I712.6/401:1] | 在馆 | |
| 4 | 0366569 | 3665698 | 第二借阅区/ [索取号:I712.6/401:1] | 在馆 | |
| 5 | 0366570 | 3665705 | 第二借阅区/ [索取号:I712.6/401:1] | 在馆 |